Gazela z Jamajky behá za Slovinsko

Bibliographic Details
Main Authors: Krišš, Miroslav (Author), Ottey, Merlene 1960- (Author)
Format: Article
Language:Slovak
PhysicalDescription:Fotogr.
ISSN:1335-9959
Subjects:

MARC

LEADER 00000nab a2200000 ar4500
001 vtls008408727
003 SK-MaSNL
005 20260303070109.0
008 051109c2005 xo mr|p|||||||000 b|slo
015 |a SNBRB2005/11  |2 snkbucl 
038 |a SNKBUCL 
040 |a SNKBUCL  |b slo  |c SNKBUCL  |e AACR2 
041 0 |a slo 
044 |a xo  |c SK 
080 |a 796.422.12.071  |2 1981 
080 |a 929 Ottey, Marlene  |2 1981 
100 1 |a Krišš, Miroslav  |4 aut  |4 ive  |9 841921 
245 1 0 |a Gazela z Jamajky behá za Slovinsko  |c Miro Krišš 
300 |b Fotogr. 
600 1 7 |a Ottey, Merlene  |d 1960-  |2 snkbucl  |9 26627 
700 1 |a Ottey, Merlene  |d 1960-  |4 aut  |4 ive  |9 26627 
773 0 |t Dimenzie  |g Roč. 5., č. 11 (2005), s. 62-65  |x 1335-9959 
852 |a SNK  |b KIS3GCP 
958 |a BC 
958 |a JM 
999 |c 1753945  |d 1755875